Cytembena Treatment of Advances and Relapsing Uterine Cervix Carcinoma

Bibliographic Details
Main Authors: Bauer, J. (Author), Dvořák, O. (Author)
Format: Article
Language:English

MARC

LEADER 00000nab a2200000ua 4500
001 vtls010829370
003 SK-MaSNL
005 20260303144951.0
008 230222s1971 xo |||||||||||||||||eng|
035 |a (urnnbn)urn:nbn:sk:snk:ar-a06fgg 
035 |a urn:nbn:sk:snk-ab5uqt 
035 |a (uuid)ea1a4c8d-51b1-4f24-a0ff-1674f9ec7202 
040 |a SNKBUCL  |b slo  |c SNKBUCL  |e AACR2 
041 0 |a eng 
044 |a xo  |c SK 
100 1 |a Bauer, J.  |4 aut  |9 292582 
245 1 0 |a Cytembena Treatment of Advances and Relapsing Uterine Cervix Carcinoma  |c J. Bauer, O. Dvořák 
700 1 |a Dvořák, O.  |4 aut  |9 1166804 
773 0 |t Neoplasma : journal of experimental and clinical oncology  |g Roč. 18, č. 5 (1971), s. 465-466 
958 |a OND 
958 |a EUIPO 
958 |a article5 
999 |c 1999897  |d 2001827